Численное исследование сопряженной естественной конвекции в замкнутой области в условиях радиационного нагрева одной из границ; Теплофизические основы энергетических технологий

Xehetasun bibliografikoak
Parent link:Теплофизические основы энергетических технологий.— 2013.— [С. 98-101]
Egile nagusia: Максимов В. И. Вячеслав Иванович
Erakunde egilea: Национальный исследовательский Томский политехнический университет (ТПУ) Энергетический институт (ЭНИН) Кафедра теоретической и промышленной теплотехники (ТПТ)
Beste egile batzuk: Нагорнова Т. А. Татьяна Александровна
Gaia:Заглавие с экрана
Hizkuntza:errusiera
Argitaratua: 2013
Saila:Техническая теплофизика и атомная энергетика
Gaiak:
Sarrera elektronikoa:http://earchive.tpu.ru/handle/11683/70161
http://www.lib.tpu.ru/fulltext/c/2013/C02/023.pdf
Formatua: MixedMaterials Baliabide elektronikoa Liburu kapitulua
KOHA link:https://koha.lib.tpu.ru/cgi-bin/koha/opac-detail.pl?biblionumber=607784

MARC

LEADER 00000naa2a2200000 4500
001 607784
005 20260312145506.0
035 |a (RuTPU)RU\TPU\conf\5190 
035 |a RU\TPU\conf\5189 
090 |a 607784 
100 |a 20140901d2013 k y0rusy50 ca 
101 0 |a rus 
102 |a RU 
135 |a drcn ---uucaa 
181 0 |a i  
182 0 |a b 
200 1 |a Численное исследование сопряженной естественной конвекции в замкнутой области в условиях радиационного нагрева одной из границ  |f В. И. Максимов, Т. А. Нагорнова 
203 |a Текст  |c электронный 
215 |a 1 файл (396 Кб) 
225 1 |a Техническая теплофизика и атомная энергетика 
300 |a Заглавие с экрана 
320 |a [Библиогр.: с. 101 (6 назв.)] 
337 |a Adobe Reader 
463 1 |0 (RuTPU)RU\TPU\conf\4555  |t Теплофизические основы энергетических технологий  |o сборник научных трудов IV Всероссийской научно-практической конференции с международным участием, 10-12 октября 2013 г., Томск  |f Национальный исследовательский Томский политехнический университет (ТПУ), Энергетический институт (ЭНИН) ; под ред. Кузнецова [и др.]  |v [С. 98-101]  |d 2013 
610 1 |a электронный ресурс 
610 1 |a труды учёных ТПУ 
610 1 |a численные исследования 
610 1 |a конвекция 
610 1 |a замкнутые области 
610 1 |a радиационный нагрев 
610 1 |a преобразование энергии 
610 1 |a конвективно-кондуктивный теплоперенос 
700 1 |a Максимов  |b В. И.  |c специалист в области теплотехники  |c доцент Томского политехнического университета, кандидат технических наук  |f 1977-  |g Вячеслав Иванович  |3 (RuTPU)RU\TPU\pers\25530  |9 11460 
701 1 |a Нагорнова  |b Т. А.  |c специалист в области теплотехники  |c доцент Томского политехнического университета, кандидат технических наук  |f 1981-  |g Татьяна Александровна  |3 (RuTPU)RU\TPU\pers\29375  |9 13957 
712 0 2 |a Национальный исследовательский Томский политехнический университет (ТПУ)  |b Энергетический институт (ЭНИН)  |b Кафедра теоретической и промышленной теплотехники (ТПТ)  |3 (RuTPU)RU\TPU\col\18679 
801 1 |a RU  |b 63413507  |c 20101016 
801 2 |a RU  |b 63413507  |c 20220321  |g RCR 
856 4 |u http://earchive.tpu.ru/handle/11683/70161 
856 4 |u http://www.lib.tpu.ru/fulltext/c/2013/C02/023.pdf 
942 |c BK